000 00444nam a2200157Ia 4500
008 210716s2012 xx 000 0 und d
020 _a9781259028212
041 _aeng
082 _a374.22 CHOP
100 _aChoudhury, Prasanta.
245 _aSome hits some misses: confessions of an Indian CEO.
250 _a1
260 _aNew Delhi
_bTata McGraw Hill Publishing Company Ltd
_c2012
300 _axiv,198
650 _aGeneral Management
999 _c209360
_d209360